Normal view
MARC view
Entry Personal Name
001 - CONTROL NUMBER
- control field: 14569
003 - CONTROL NUMBER IDENTIFIER
- control field: OSt
005 - DATE AND TIME OF LATEST TRANSACTION
- control field: 20210901134606.0
008 - FIXED-LENGTH DATA ELEMENTS
- fixed length control field: 210901|| aca||aabn | a|a d
040 ## - CATALOGING SOURCE
- Original cataloging agency: OSt
- Transcribing agency: OSt
100 ## - HEADING--PERSONAL NAME
- Personal name: Parry,Robert W. ;Bassow,Herb; Merrill,Phyllis; Tellefsen,Robert L.
670 ## - SOURCE DATA FOUND
- Source citation: Work cat.: (OSt): Parry,Robert W. ;Bassow,Herb; Merrill,Phyllis; Tellefsen,Robert L., Chemistry Experimental Foundations , 1982
